000 00291nam a22001337a 4500
008 171018b xxu||||| |||| 00| 0 eng d
020 _a9789928050052
041 _aalb
080 _a338
100 _a53
101 _aMEN
245 _aMENAXHIMI I KOMUNIKIMIT
_cKOXHAJ,A
942 _2udc
_cBK
999 _c34720
_d34720